| 000 | 00991nam a22002415i 4500 | ||
|---|---|---|---|
| 001 | 154513 | ||
| 003 | ES-MaACL | ||
| 005 | 20250815062610.0 | ||
| 008 | 030821s1878 sp |||| | spa d | ||
| 040 |
_aCAM _bspa _cCAM |
||
| 100 | 1 |
_aGóngora y Martínez, Manuel de, _d1822-1884 _eaut _9127731 |
|
| 245 | 1 | 0 |
_aLecciones de historia universal y particular de España / _cpor Manuel de Góngora y Martínez. |
| 260 |
_aGranada : _b[s.n.], _c1878 _f(Imp. de La Lealtad a cargo de J.G. Garrido) |
||
| 300 |
_a751 páginas ; _c22 cm. |
||
| 530 | _aDisponible en formato digital | ||
| 650 | 7 |
_aHistoria universal _2embne _913429 |
|
| 651 | 4 |
_aEspaña- _xHistoria. _98209 |
|
| 852 |
_aES-MaACL _cSPAL _fSello de Cecilio de Roda _hDonativo Roda _jC-3343 _xPasta |
||
| 856 |
_uhttp://hdl.handle.net/10481/7909 _yVersión en línea _z(Ilíberis: fondo bibliográfico histórico de la Universidad de Granada) |
||
| 942 |
_2udc _cMONANT _n0 |
||
| 999 |
_c154513 _d154513 |
||